000 00793cab a22002055a 4500
001 L150656
008 100809e2010 xxk 000 0 eng d
035 _a(Sirsi) u150656
041 0 _aeng
050 _a690.241 $2 18
100 1 _aForster, Alan M.
245 0 0 _aBuilding conservation philosophy for masonry repair
_bpart 2 - "principles"
_h[electronic resource]
260 _c2010
490 _aStructural Survey
_v28(3) 165-188(24)
520 _aEstablishes what is meant by principles in this context; brings together the study of the philosophical and the practical when evaluating building conservation for masonry repair.
590 _aKA
651 4 _aUnited Kingdom
_y
690 _aBUILT ENVIRONMENT-BUILDING MAINTENANCE AND REFURBISHMENT-BUILDING CONSERVATION
942 _n0
999 _c82594
_d82594